Score 0/15 Timer 02:00
1 Play Today
Clue 4-Letter Word % Correct
'One ____ Over the Cuckoo's Nest'FLEW
95.5%
Snowy hill objectSLED
95.4%
Santa lives at the North onePOLE
93.6%
Escaped, as a fugitiveFLED
92.5%
Plant starterSEED
92.2%
Betsy Ross creation?FLAG
87.9%
To move in a streamFLOW
87.2%
Potato prep stepPEEL
83%
Clue 4-Letter Word % Correct
Beat or whipFLOG
82.6%
Tyler's follower?POLK
78.2%
Need for a clarinetREED
73%
Bring in a bassREEL
66.7%
Quick glancePEEK
66.6%
Bushel's partner?PECK
64.7%
PustulePOCK
57.8%

Today's Daily Dose

Remove Ads.
Support Sporcle.
Get the best of Sporcle when you Go Orange. This ad-free experience offers more features, more stats, and more fun while also helping to support Sporcle. Thank you for becoming a member.

You're not logged in!

Compare scores with friends on all Sporcle quizzes.
OR
Log In

Show Comments

Extras

Top Quizzes Today


Score Distribution

Your Account Isn't Verified!

In order to create a playlist on Sporcle, you need to verify the email address you used during registration. Go to your Sporcle Settings to finish the process.

Report this User

Report this user for behavior that violates our Community Guidelines.

Details: